Creating High Performance Teams : (Record no. 3337)

000 -LEADER
fixed length control field aam a22 a 4500
003 - CONTROL NUMBER IDENTIFIER
control field AKMAL
005 - DATE AND TIME OF LATEST TRANSACTION
control field 20170522115956.0
008 - FIXED-LENGTH DATA ELEMENTS--GENERAL INFORMATION
fixed length control field 170522t20052005my a e bi f001 0 eng d
020 ## - INTERNATIONAL STANDARD BOOK NUMBER
International Standard Book Number 9833109101
Qualifying information paperpack
Terms of availability RM60.00
040 ## - CATALOGING SOURCE
Original cataloging agency AKMAL
082 04 - DEWEY DECIMAL CLASSIFICATION NUMBER
Classification number 658.4022 GEO
Edition number 23
090 00 - LOCALLY ASSIGNED LC-TYPE CALL NUMBER (OCLC); LOCAL CALL NUMBER (RLIN)
Classification number (OCLC) (R) ; Classification number, CALL (RLIN) (NR) 658.4022
Local cutter number (OCLC) ; Book number/undivided call number, CALL (RLIN) GEO
100 1# - MAIN ENTRY--PERSONAL NAME
Personal name George, Thomas,
Relator term author.
9 (RLIN) 6761
245 10 - TITLE STATEMENT
Title Creating High Performance Teams :
Remainder of title A Facilitator's Guide /
Statement of responsibility, etc. By THOMAS GEORGE
264 #1 - PRODUCTION, PUBLICATION, DISTRIBUTION, MANUFACTURE, AND COPYRIGHT NOTICE
Place of production, publication, distribution, manufacture Kuala Lumpur :
Name of producer, publisher, distributor, manufacturer National Institute of Public Administration,
Date of production, publication, distribution, manufacture, or copyright notice 2005
264 #4 - PRODUCTION, PUBLICATION, DISTRIBUTION, MANUFACTURE, AND COPYRIGHT NOTICE
Date of production, publication, distribution, manufacture, or copyright notice ©2005
300 ## - PHYSICAL DESCRIPTION
Extent xvii, 250 pages :
Other physical details some colour illustrations ;
Dimensions 27 cm
500 ## - GENERAL NOTE
General note Includes index
500 ## - GENERAL NOTE
General note BAHAN KOLEKSI NEGARA (879138)
504 ## - BIBLIOGRAPHY, ETC. NOTE
Bibliography, etc. note Bibliography: pages 243-245
650 10 - SUBJECT ADDED ENTRY--TOPICAL TERM
Topical term or geographic name entry element Teams in the workplace
9 (RLIN) 557
650 20 - SUBJECT ADDED ENTRY--TOPICAL TERM
Topical term or geographic name entry element Work environment
9 (RLIN) 6774
650 20 - SUBJECT ADDED ENTRY--TOPICAL TERM
Topical term or geographic name entry element Organizational behavior
9 (RLIN) 565
942 ## - ADDED ENTRY ELEMENTS (KOHA)
Source of classification or shelving scheme
Koha item type Book
Holdings
Withdrawn status Lost status Source of classification or shelving scheme Damaged status Not for loan Collection code Home library Current library Shelving location Date acquired Inventory number Total Checkouts Full call number Barcode Date last seen Price effective from Koha item type
          NON-FICTION AKMAL Melaka AKMAL Melaka PINJAMAN 22.05.2017 602447   658.4022 GEO 201704172 22.05.2017 22.05.2017 Book
Pusat Sumber Maklumat Dato' Haji Sarmin Md Hussin, Akademi Kastam Diraja Malaysia, Melaka
Tel: 06-2331106 | Faks: 06-2313787